000
00296nam a2200109Ia 4500
008
200302s9999 xx 000 0 und d
100
_a
Ji hyun Choi (Ed.)
245
_a
Interior World Design & Detail Vol 75; Health & Spa
260
_b
Archiworld Publication, Korea
260
_c
2009
300
_a
191
999
_c
4454
_d
4454